Swiss Cantons in all 4 National Languages - Statistics

General Stats
  • This quiz has been taken 110 times
  • The average score is 46 of 104
Answer Stats
Code Canton (DE, FR, IT, RM) % Correct
AG Aargau
83%
ZH Zürich
83%
ZH Zurich
83%
BE Bern
81%
LU Luzern
77%
JU Jura
76%
NE Neuchâtel
75%
FR Fribourg
73%
FR Friburg
73%
GE Genève
73%
LU Lucerne
73%
SG Saint-Gall
73%
NW Nidwald
72%
OW Obwald
72%
TI Ticino
72%
ZG Zug
72%
GR Graubünden
71%
VS Valais
71%
VS Vallais
71%
UR Uri
69%
VD Vaud
69%
AI Appenzell Innerrhoden
68%
BS Basel-Stadt
68%
SZ Schwyz
68%
GR Grisons
67%
SO Solothurn
67%
BE Berne
65%
GL Glarus
65%
BL Basel-Landschaft
64%
AR Appenzell Ausserrhoden
63%
FR Freiburg
63%
GE Genf
61%
SG Sankt Gallen
61%
SH Schaffhausen
61%
TI Tessin
61%
TG Thurgau
61%
VS Wallis
60%
NW Nidwalden
59%
OW Obwalden
59%
BE Berna
56%
AG Argovia
51%
BS Bâle-Ville
45%
NE Neuenburg
45%
VD Waadt
45%
LU Lucerna
44%
AG Argovie
41%
ZH Zurigo
40%
FR Friburgo
35%
SG San Gallo
33%
ZG Zoug
33%
BL Bâle-Campagne
32%
ZG Zugo
32%
GL Glaris
29%
SH Schaffhouse
29%
SO Soleure
29%
GR Grischun
28%
GE Ginevra
27%
TG Thurgovie
25%
TG Turgovia
25%
SZ Schwytz
24%
GR Grigioni
21%
JU Giura
20%
AR Appenzell Rhodes-Extérieures
19%
AI Appenzell Rhodes-Intérieures
19%
BS Basilea Città
19%
VS Vallese
17%
SO Soloturn
16%
BL Basilea Campagna
15%
SZ Sviz
13%
VD Vad
13%
GE Genevra
12%
OW Obvaldo
11%
SH Sciaffusa
11%
AR Appenzello Esterno
9%
AI Appenzello Interno
9%
GL Glarona
9%
NW Nidvaldo
9%
SZ Svitto
8%
SO Soletta
7%
ZH Turitg
7%
BS Basilea-Citad
4%
GL Glaruna
4%
SH Schaffusa
4%
AI Appenzell Dadens
3%
BL Basilea-Champagna
3%
SG Son Gagl
3%
AR Appenzell Dadora
1%
OW Sursilvania
1%
NW Sutsilvania
1%
No matching quizzes found
Score Distribution
Percent of People with Each Score
Percentile by Number Answered
Your Score History
You have not taken this quiz